000 00391nam a22001697a 4500
005 20160530124332.0
008 160530b xxu||||| |||| 00| 0 eng d
020 _a1-889150-34-7
041 _aeng
082 _b6059
100 _aKuzmeshi, Mariketh
_91527
245 _aRed Zone Marketing
260 _bBSB Publication
_c2003
300 _a203
650 _aManagement
_9241
942 _cBK
999 _c2154
_d2153